Junts 7è : ciències socials : E.G.B. cicle superior
Gespeichert in:
| Weitere Verfasser: | |
|---|---|
| Format: | Buch |
| Sprache: | Katalanisch |
| Erschienen: |
[Barcelona] :
Andros,
1990
|
| Ausgabe: | 2a ed. |
| Katalog: | MANES: Suchergebnis im Bibliothekskatalog |
| Schulbuchspezifische Eigenschaften: |
|
| Tags: |
Tag hinzufügen
Keine Tags, Fügen Sie den ersten Tag hinzu!
|
| Hinzugefügt zu: | 13.05.2004 |
| Geändert in: | 07.05.2025 |
MARC
| LEADER | 00000nam a2200000 a 4500 | ||
|---|---|---|---|
| 001 | .b3132955 | ||
| 003 | ES-BaCBU | ||
| 005 | 20250507130139.0 | ||
| 008 | 040514s1990 spca b|l 000 ||cat|c | ||
| 017 | |a DL B. 30768-1990 | ||
| 020 | |a 847661201X | ||
| 035 | |a 847661201X |9 ES-BaUB001 |a 0825-60360 |9 ES-BaUB035 | ||
| 040 | |a ES-BaUB |b cat |c ES-BaUB | ||
| 245 | 0 | 0 | |a Junts 7è : |b ciències socials : E.G.B. cicle superior / |c M. Dolors Bosch i Carrera ... [et al.] |
| 250 | |a 2a ed. | ||
| 260 | |a [Barcelona] : |b Andros, |c 1990 | ||
| 300 | |a 213 p.: |b il. | ||
| 546 | |a España | ||
| 561 | |5 es-CRAI |3 p1 TX EGB 5/7 AND |a España. Biblioteca Universitat de Barcelona |k MANES | ||
| 690 | 0 | |a CS | |
| 691 | 0 | |a PRI | |
| 700 | 1 | |a Bosch Carrera, Ma. Dolors |9 33267 | |
| 856 | |y Registro en Cercabib - CRAI | ||
| 942 | |2 ddc |c BK | ||
| 999 | |c 89906 |d 89906 | ||
| 999 | |c manes:89906 |d 89906 | ||